[Event "SVK-chT 1617"]
[Site "Slovakia"]
[Date "2017.03.25"]
[Round "10.6"]
[White "Sukuba, Zdeno"]
[Black "Kriz, Mario"]
[Result "1-0"]
[WhiteElo "2125"]
[BlackElo "2176"]
[PlyCount "57"]
[EventDate "2016.10.22"]
[EventType "team-tourn"]
[EventRounds "11"]
[EventCountry "SVK"]
[SourceTitle "CBM 177 Extra"]
[Source "ChessBase"]
[SourceDate "2017.04.27"]
[SourceVersion "1"]
[SourceVersionDate "2017.04.27"]
[SourceQuality "1"]
[WhiteTeam "Dubnica nad Vahom"]
[BlackTeam "Sabinov"]
[WhiteTeamCountry "SVK"]
[BlackTeamCountry "SVK"]

1. c4 Nf6 2. Nc3 c6 3. e4 d5 4. cxd5 cxd5 5. e5 d4 6. exf6 dxc3 7. bxc3 gxf6 8. d4 Qc7 9. Bd2 Nc6 10. Nf3 e6 11. Rb1 b6 12. Bb5 a6 13. Bd3 Na5 14. Qe2 b5 15. 0-0 Bd7 16. Rfe1 Bd6 17. Qe4 Rc8 18. Qh4 Be7 19. Qh5 Nc4 20. Bh6 Bf8 21. d5 Ne5 22. Nxe5 fxe5 23. dxe6 Bxe6 24. Rxe5 Kd7 25. Bxf8 Rhxf8 26. Rd1 Ke7 27. Qh4+ Ke8 28. Rde1 Qxc3 29. Rxe6+ 1-0

[Event "SVK-chT 1617"]
[Site "Slovakia"]
[Date "2017.01.14"]
[Round "5.5"]
[White "Oprea, Erik"]
[Black "Kriz, Mario"]
[Result "1-0"]
[WhiteElo "2180"]
[BlackElo "2176"]
[PlyCount "71"]
[EventDate "2016.10.22"]
[EventType "team-tourn"]
[EventRounds "11"]
[EventCountry "SVK"]
[SourceTitle "CBM 177 Extra"]
[Source "ChessBase"]
[SourceDate "2017.04.27"]
[SourceVersion "1"]
[SourceVersionDate "2017.04.27"]
[SourceQuality "1"]
[WhiteTeam "Devinska Nova Ves"]
[BlackTeam "Sabinov"]
[WhiteTeamCountry "SVK"]
[BlackTeamCountry "SVK"]

1. c4 Nf6 2. d4 c5 3. d5 g6 4. Nc3 Bg7 5. e4 d6 6. f3 0-0 7. Be3 Na6 8. Qd2 e6 9. dxe6 fxe6 10. 0-0-0 Ne8 11. h4 Qe7 12. h5 Nb4 13. hxg6 hxg6 14. Kb1 Nc6 15. Nh3 Nd4 16. Bd3 b5 17. cxb5 a6 18. Nf4 Rxf4 19. Bxf4 axb5 20. Nxb5 e5 21. Bg5 Qf7 22. Nc3 Be6 23. Nd5 Nc7 24. Bh6 Nxd5 25. Bxg7 Qxg7 26. exd5 Bxd5 27. a3 Ba2+ 28. Kxa2 Qf7+ 29. Kb1 d5 30. Rh6 e4 31. Rdh1 Qg7 32. Rh8+ Qxh8 33. Rxh8+ Kxh8 34. Qh6+ Kg8 35. Qxg6+ Kh8 36. fxe4 1-0

[Event "SVK-chT1E 1516"]
[Site "Slovakia"]
[Date "2016.03.20"]
[Round "11.7"]
[White "Matejov, Jaroslav"]
[Black "Kriz, Mario"]
[Result "0-1"]
[WhiteElo "2104"]
[BlackElo "2168"]
[PlyCount "102"]
[EventDate "2015.10.24"]
[EventType "team-tourn"]
[EventRounds "11"]
[EventCountry "SVK"]
[SourceTitle "EXT 2017"]
[Source "ChessBase"]
[SourceDate "2016.10.25"]
[SourceVersion "1"]
[SourceVersionDate "2016.10.25"]
[SourceQuality "1"]
[WhiteTeam "Zilina Mladost"]
[BlackTeam "Sabinov"]
[WhiteTeamCountry "SVK"]
[BlackTeamCountry "SVK"]

1. e4 c5 2. Nf3 Nc6 3. Nc3 e5 4. Bc4 Be7 5. d3 d6 6. h3 Be6 7. Bxe6 fxe6 8. 0-0 Qd7 9. Nh2 Nf6 10. f4 0-0-0 11. f5 exf5 12. Rxf5 d5 13. Qe1 c4 14. Bg5 dxe4 15. dxe4 Nd4 16. Rf2 Bc5 17. Kh1 Nh5 18. Rd2 Rdf8 19. Nd5 Qf7 20. c3 Ne6 21. Be3 Nhf4 22. Rad1 Nd3 23. Qe2 Bxe3 24. Qxe3 Kb8 25. Nf3 Nef4 26. Nxf4 Qxf4 27. Qxf4 Rxf4 28. b3 b5 29. a4 a6 30. axb5 axb5 31. bxc4 bxc4 32. Ra2 Kc7 33. Ra7+ Kd6 34. Rda1 Rc8 35. Rxg7 Nf2+ 36. Kh2 Nxe4 37. Ra6+ Rc6 38. Rxc6+ Kxc6 39. Rxh7 Nxc3 40. Nxe5+ Kd5 41. Ng6 Rf6 42. Rh5+ Kd4 43. Ne7 Re6 44. Nf5+ Kd3 45. Rh8 Nd5 46. Rd8 Re5 47. g4 c3 48. Ne7 c2 49. Nxd5 c1Q 50. Nc3+ Ke3 51. Nd1+ Kf4 0-1

[Event "SVK-chT1E 1213"]
[Site "Slovakia"]
[Date "2013.03.24"]
[Round "11.3"]
[White "Tropp, Oliver"]
[Black "Kriz, Mario"]
[Result "0-1"]
[WhiteElo "1978"]
[BlackElo "2183"]
[PlyCount "80"]
[EventDate "2012.10.20"]
[EventType "team-tourn"]
[EventRounds "11"]
[EventCountry "SVK"]
[SourceTitle "EXT 2015"]
[Source "ChessBase"]
[SourceDate "2014.11.20"]
[SourceVersion "1"]
[SourceVersionDate "2014.11.20"]
[SourceQuality "1"]
[WhiteTeam "Kezmarok"]
[BlackTeam "Sabinov"]
[WhiteTeamCountry "SVK"]
[BlackTeamCountry "SVK"]

1. c4 Nf6 2. Nc3 c6 3. e4 d5 4. e5 d4 5. exf6 dxc3 6. dxc3 Qxd1+ 7. Kxd1 gxf6 8. Ne2 Nd7 9. f3 Ne5 10. Nd4 c5 11. Nb5 Kd8 12. f4 Ng4 13. Ke1 a6 14. Na3 h5 15. h3 Nh6 16. g3 Nf5 17. Rg1 Rg8 18. Kf2 h4 19. g4 Ng3 20. Bg2 f5 21. g5 Kc7 22. Nb1 e6 23. Nd2 Bd6 24. Nf3 Ne4+ 25. Ke3 f6 26. gxf6 Nxf6 27. Bd2 Nh5 28. Ne5 Bxe5 29. fxe5 Bd7 30. Bf3 Ng3 31. Kf4 Bc6 32. Be3 b6 33. Bf2 Bxf3 34. Bxg3 Be2 35. Bxh4 Rh8 36. Rg7+ Kc6 37. Kg5 Rh5+ 38. Kf6 Rxh4 39. Kxe6 f4 40. Ke7 Ra7+ 0-1

[Event "SVK-chT1E 1213"]
[Site "Slovakia"]
[Date "2012.10.20"]
[Round "1.5"]
[White "Kriz, Mario"]
[Black "Hlavac, Peter"]
[Result "1-0"]
[WhiteElo "2183"]
[BlackElo "2007"]
[PlyCount "95"]
[EventDate "2012.10.20"]
[EventType "team-tourn"]
[EventRounds "11"]
[EventCountry "SVK"]
[SourceTitle "EXT 2014"]
[Source "ChessBase"]
[SourceDate "2013.11.20"]
[SourceVersion "1"]
[SourceVersionDate "2013.11.20"]
[SourceQuality "1"]
[WhiteTeam "Sabinov"]
[BlackTeam "Rajecke Teplice"]
[WhiteTeamCountry "SVK"]
[BlackTeamCountry "SVK"]

1. e4 Nc6 2. Nf3 g6 3. d4 Bg7 4. d5 Ne5 5. Nxe5 Bxe5 6. f4 Bg7 7. c4 d6 8. Nc3 e5 9. Bd3 exf4 10. Bxf4 Ne7 11. Qd2 0-0 12. 0-0-0 f5 13. Rde1 fxe4 14. Nxe4 Bf5 15. Bg5 Rf7 16. Rhf1 Qd7 17. g4 Bxe4 18. Rxf7 Kxf7 19. Rxe4 Re8 20. Re6 Nc8 21. Qf4+ Kg8 22. Qe3 Be5 23. Rxe8+ Qxe8 24. h4 Qf7 25. h5 gxh5 26. Bf5 Qf8 27. Bh6 Qd8 28. Bg5 Qf8 29. Bh6 Qd8 30. gxh5 Nb6 31. b3 Qh4 32. Qg5+ Qxg5+ 33. Bxg5 c6 34. dxc6 bxc6 35. a4 Na8 36. Be4 Nc7 37. Bxc6 Kg7 38. Be3 Ne6 39. Bxa7 Nd4 40. Bxd4 Bxd4 41. Kc2 Kf6 42. b4 Ke7 43. a5 Kd8 44. b5 Kc7 45. Bd5 h6 46. b6+ Kb8 47. Kb3 Bc5 48. Ka4 1-0

[Event "SVK-chT1E 1112"]
[Site "Slovakia"]
[Date "2012.03.03"]
[Round "10.6"]
[White "Kriz, Mario"]
[Black "Miciak, Maros"]
[Result "1/2-1/2"]
[WhiteElo "2175"]
[BlackElo "2097"]
[PlyCount "70"]
[EventDate "2011.10.15"]
[EventType "team-tourn"]
[EventRounds "11"]
[EventCountry "SVK"]
[SourceTitle "EXT 2013"]
[Source "ChessBase"]
[SourceDate "2012.11.22"]
[SourceVersion "1"]
[SourceVersionDate "2012.11.22"]
[SourceQuality "1"]
[WhiteTeam "Sabinov"]
[BlackTeam "Kysucke Nove Mesto"]
[WhiteTeamCountry "SVK"]
[BlackTeamCountry "SVK"]

1. e4 e5 2. Nf3 Nc6 3. d4 exd4 4. Bc4 d6 5. Nxd4 Ne5 6. Be2 h6 7. Nc3 Nf6 8. f4 Ng6 9. 0-0 h5 10. Nf3 Be7 11. h3 h4 12. Be3 Bd7 13. Ng5 Nh7 14. Nxh7 Rxh7 15. Nd5 c6 16. Nxe7 Qxe7 17. Qd3 c5 18. Rad1 Bc6 19. Bf3 Rd8 20. b3 Rh8 21. c4 Nf8 22. e5 Bxf3 23. Rxf3 dxe5 24. Qxd8+ Qxd8 25. Rxd8+ Kxd8 26. fxe5 Ke7 27. Bxc5+ Ke6 28. Bxa7 Ng6 29. Bd4 Rd8 30. Bc3 Rd1+ 31. Kh2 Rc1 32. Rd3 Rc2 33. Be1 Re2 34. Rd1 Nxe5 35. Kg1 g5 1/2-1/2

[Event "SVK-chT1E 1112"]
[Site "Slovakia"]
[Date "2012.02.05"]
[Round "9.5"]
[White "Kriz, Mario"]
[Black "Mraz, Ondrej"]
[Result "1-0"]
[WhiteElo "2175"]
[BlackElo "1978"]
[PlyCount "111"]
[EventDate "2011.10.15"]
[EventType "team-tourn"]
[EventRounds "11"]
[EventCountry "SVK"]
[SourceTitle "EXT 2013"]
[Source "ChessBase"]
[SourceDate "2012.11.22"]
[SourceVersion "1"]
[SourceVersionDate "2012.11.22"]
[SourceQuality "1"]
[WhiteTeam "Sabinov"]
[BlackTeam "Liptov Chess School"]
[WhiteTeamCountry "SVK"]
[BlackTeamCountry "SVK"]

1. e4 e5 2. Nf3 Nc6 3. d4 exd4 4. Bc4 Nf6 5. e5 d5 6. Bb5 Ne4 7. Nxd4 Bd7 8. Bxc6 bxc6 9. 0-0 Bc5 10. f3 Ng5 11. Be3 0-0 12. f4 Ne4 13. Nd2 Nxd2 14. Qxd2 Bb6 15. c3 Qe7 16. Rae1 Rad8 17. b4 c5 18. bxc5 Bxc5 19. f5 Rb8 20. Bg5 Bxd4+ 21. cxd4 Qa3 22. Rf2 Rb6 23. Qf4 Rb2 24. Rxb2 Qxb2 25. Be7 Re8 26. f6 Qc3 27. Rc1 Qd3 28. Bc5 a6 29. Qg5 Qg6 30. Qxg6 hxg6 31. Be7 c6 32. Rb1 Bf5 33. Rb6 Bd3 34. Kf2 Bb5 35. Ke3 a5 36. Kf4 Ra8 37. g4 a4 38. a3 Re8 39. g5 Rc8 40. Rb7 Re8 41. h4 gxf6 42. gxf6 Ba6 43. Ra7 Bc8 44. Rxa4 Be6 45. Bd6 Kh7 46. Ra6 Bc8 47. Ra7 Be6 48. Kg5 Rc8 49. a4 Re8 50. a5 Rc8 51. a6 Re8 52. Re7 Ra8 53. Rxe6 c5 54. Re7 cxd4 55. Rxf7+ Kg8 56. Rg7+ 1-0

[Event "SVK-chT1E 1112"]
[Site "Slovakia"]
[Date "2012.02.04"]
[Round "8.4"]
[White "Kriz, Mario"]
[Black "Vacek, Ondrej"]
[Result "1/2-1/2"]
[WhiteElo "2175"]
[BlackElo "2097"]
[PlyCount "39"]
[EventDate "2011.10.15"]
[EventType "team-tourn"]
[EventRounds "11"]
[EventCountry "SVK"]
[SourceTitle "EXT 2013"]
[Source "ChessBase"]
[SourceDate "2012.11.22"]
[SourceVersion "1"]
[SourceVersionDate "2012.11.22"]
[SourceQuality "1"]
[WhiteTeam "Sabinov"]
[BlackTeam "Banska Bystrica"]
[WhiteTeamCountry "SVK"]
[BlackTeamCountry "SVK"]

1. e4 d5 2. exd5 Qxd5 3. Nc3 Qd6 4. d4 Nf6 5. Nf3 c6 6. Be2 Bg4 7. Be3 e6 8. h3 Bh5 9. Qd2 Qc7 10. Ne5 Bxe2 11. Qxe2 Bd6 12. Nc4 Nbd7 13. Nxd6+ Qxd6 14. 0-0 0-0 15. Rfd1 Nb6 16. Bg5 Nbd5 17. Bxf6 Nxf6 18. Ne4 Nxe4 19. Qxe4 Qd5 20. Qxd5 1/2-1/2

[Event "SVK-chT2D 10/11"]
[Site "Slovakia"]
[Date "2011.03.27"]
[Round "11.2"]
[White "Jurcisin, Imrich"]
[Black "Kriz, Mario"]
[Result "0-1"]
[WhiteElo "2048"]
[BlackElo "2171"]
[PlyCount "132"]
[EventDate "2010.10.23"]
[EventType "team-tourn"]
[EventRounds "11"]
[EventCountry "SVK"]
[SourceTitle "EXT 2019"]
[Source "ChessBase"]
[SourceDate "2018.10.10"]
[SourceVersion "1"]
[SourceVersionDate "2018.10.10"]
[SourceQuality "1"]
[WhiteTeam "Kosice Slavia TU V"]
[BlackTeam "Sabinov II"]
[WhiteTeamCountry "SVK"]
[BlackTeamCountry "SVK"]

1. e4 c5 2. Nf3 Nc6 3. d4 cxd4 4. Nxd4 g6 5. Nc3 Bg7 6. Be3 Nf6 7. Be2 0-0 8. 0-0 d5 9. Nxd5 Nxe4 10. Nxc6 bxc6 11. Nb4 Qc7 12. c3 a5 13. Nd3 Ba6 14. Nc5 Nxc5 15. Bxc5 Rfd8 16. Qc2 Rd5 17. Be3 Bxe2 18. Qxe2 Rb8 19. Rab1 Rdb5 20. Qc2 Qb7 21. b3 Rh5 22. c4 Qc7 23. h3 f5 24. f3 e5 25. Rbd1 Re8 26. Qd2 f4 27. Bc5 e4 28. Bd6 Qa7+ 29. c5 e3 30. Qe2 Be5 31. Rfe1 Bxd6 32. cxd6 Rd5 33. Kf1 Qc5 34. d7 Rd8 35. Rc1 Qd6 36. Qc4 Rxd7 37. Qxc6 Qxc6 38. Rxc6 Rd2 39. Rc4 g5 40. Rc5 h6 41. Re2 Rxe2 42. Kxe2 Rd2+ 43. Kf1 Rf2+ 44. Kg1 Rxa2 45. Kf1 Kf7 46. h4 Kg6 47. hxg5 hxg5 48. Rc8 Rf2+ 49. Kg1 Rb2 50. Kf1 Rxb3 51. Rg8+ Kf6 52. Rf8+ Ke5 53. Rg8 Rb1+ 54. Ke2 Rb2+ 55. Kf1 Rf2+ 56. Kg1 Ra2 57. Kf1 Kf6 58. Rf8+ Kg7 59. Rf5 Kg6 60. Rb5 a4 61. Rb6+ Kh5 62. Re6 a3 63. Kg1 Ra1+ 64. Kh2 a2 65. g3 fxg3+ 66. Kg2 Re1 0-1

[Event "SVK-chT1E 1011"]
[Site "Slovakia"]
[Date "2011.03.20"]
[Round "9"]
[White "Kamody, Mario"]
[Black "Kriz, Mario"]
[Result "1-0"]
[WhiteElo "2187"]
[BlackElo "2171"]
[PlyCount "77"]
[EventDate "2010.11.06"]
[EventType "team-tourn"]
[EventRounds "11"]
[EventCountry "SVK"]
[SourceTitle "EXT 2012"]
[Source "ChessBase"]
[SourceDate "2011.11.24"]
[SourceVersion "1"]
[SourceVersionDate "2011.11.24"]
[SourceQuality "1"]
[WhiteTeam "Banska Bystrica"]
[BlackTeam "Sabinov"]
[WhiteTeamCountry "SVK"]
[BlackTeamCountry "SVK"]

1. e4 d5 2. exd5 Qxd5 3. Nc3 Qa5 4. d4 Nf6 5. Nf3 Bg4 6. h3 Bh5 7. g4 Bg6 8. Bd2 c6 9. Bc4 Qd8 10. Bb3 e6 11. Qe2 Bb4 12. 0-0-0 Bxc3 13. Bxc3 Nd5 14. Bd2 Nd7 15. Ng5 Qf6 16. h4 h5 17. f3 Qe7 18. Ne4 N7f6 19. Nc5 b6 20. Nd3 Bxd3 21. Qxd3 hxg4 22. fxg4 0-0-0 23. Qf3 Kb7 24. Kb1 Rd7 25. Bg5 Qd6 26. c4 Nc7 27. Bxf6 gxf6 28. Qxf6 Qf8 29. h5 Qd8 30. Qf4 f6 31. Rhf1 Rg8 32. Bc2 Rg5 33. h6 Qg8 34. Qxf6 Rxg4 35. Rh1 Rd8 36. h7 Qh8 37. Qxd8 Qxd8 38. h8Q Rg8 39. Qe5 1-0

[Event "SVK-chT2D 10/11"]
[Site "Slovakia"]
[Date "2011.02.06"]
[Round "7.3"]
[White "Kriz, Mario"]
[Black "Goban, Marek"]
[Result "1/2-1/2"]
[WhiteElo "2171"]
[BlackElo "2126"]
[PlyCount "107"]
[EventDate "2010.10.23"]
[EventType "team-tourn"]
[EventRounds "11"]
[EventCountry "SVK"]
[SourceTitle "EXT 2019"]
[Source "ChessBase"]
[SourceDate "2018.10.10"]
[SourceVersion "1"]
[SourceVersionDate "2018.10.10"]
[SourceQuality "1"]
[WhiteTeam "Sabinov II"]
[BlackTeam "Presov Tatran"]
[WhiteTeamCountry "SVK"]
[BlackTeamCountry "SVK"]

1. e4 d6 2. d4 Nf6 3. Nc3 c6 4. a4 Qa5 5. f3 e5 6. Nge2 Be6 7. Bd2 Qc7 8. Be3 Qa5 9. Bd2 Qc7 10. a5 Nbd7 11. Be3 d5 12. exd5 Nxd5 13. Nxd5 Bxd5 14. Qd2 Be7 15. Ng3 0-0-0 16. 0-0-0 Kb8 17. Kb1 Bf6 18. c4 Be6 19. d5 cxd5 20. cxd5 Nf8 21. Ne4 Rxd5 22. Qxd5 Bxd5 23. Rxd5 Ne6 24. Bb5 Rd8 25. Rhd1 Nd4 26. Rxd8+ Qxd8 27. Bc4 Qxa5 28. Nxf6 gxf6 29. Bxd4 exd4 30. Rxd4 Qc5 31. Rg4 Qf8 32. Kc2 Kc7 33. Bd3 h6 34. Rc4+ Kb6 35. Be4 Qd6 36. g3 a5 37. Rc3 a4 38. Rc4 Kb5 39. Bd3 Ka5 40. Rh4 Qc6+ 41. Kd2 Qxf3 42. Rxh6 Qf2+ 43. Be2 Qd4+ 44. Kc2 Qe4+ 45. Bd3 Qg2+ 46. Kc3 Qc6+ 47. Kd2 Qg2+ 48. Kc3 Qf3 49. Rh4 b5 50. Rf4 Qc6+ 51. Kd2 Qg2+ 52. Kc3 Qc6+ 53. Kd2 Qg2+ 54. Kc3 1/2-1/2

[Event "SVK-chT2D 0910"]
[Site "Slovakia"]
[Date "2010.02.06"]
[Round "8.4"]
[White "Jurcisin, Imrich"]
[Black "Kriz, Mario"]
[Result "1-0"]
[WhiteElo "2035"]
[BlackElo "2178"]
[PlyCount "97"]
[EventDate "2009.10.10"]
[EventType "team"]
[EventRounds "11"]
[EventCountry "SVK"]
[SourceTitle "EXT 2011"]
[Source "ChessBase"]
[SourceDate "2010.11.26"]
[SourceVersion "1"]
[SourceVersionDate "2010.11.26"]
[SourceQuality "1"]
[WhiteTeam "Kosice Slavia IV"]
[BlackTeam "Sabinov II"]
[WhiteTeamCountry "SVK"]
[BlackTeamCountry "SVK"]

1. e4 c5 2. Nf3 Nc6 3. d4 cxd4 4. Nxd4 Nf6 5. Nc3 e5 6. Ndb5 d6 7. Nd5 Nxd5 8. exd5 Nb8 9. c4 Be7 10. Be2 a6 11. Nc3 0-0 12. 0-0 f5 13. Be3 Nd7 14. b4 e4 15. Bd4 Bf6 16. c5 Bxd4 17. Qxd4 Qf6 18. Qxf6 Rxf6 19. Na4 dxc5 20. bxc5 b5 21. cxb6 Nxb6 22. Nc5 Nd7 23. Ne6 Ne5 24. Nc7 Ra7 25. Rac1 Bd7 26. Rfd1 Rd6 27. Rd4 Kf8 28. Rb4 Ke7 29. Rb8 f4 30. Rb4 Bf5 31. Ra4 f3 32. Rxa6 Raxa6 33. Bxa6 fxg2 34. Kxg2 Rg6+ 35. Kf1 Nf3 36. Ke2 Nxh2 37. a4 Rb6 38. Bb5 Nf3 39. Ke3 Ne5 40. Kf4 Ng6+ 41. Kxf5 Rf6+ 42. Kxe4 Rxf2 43. Ne8 Rd2 44. Rc7+ Kd8 45. Rxg7 Ne7 46. d6 Nc8 47. Ke5 Rd1 48. Nf6 Re1+ 49. Ne4 1-0

[Event "SVK-chT1E 0910"]
[Site "Slovakia"]
[Date "2009.12.13"]
[Round "5.2"]
[White "Kriz, Mario"]
[Black "Kopnicky, Vladimir"]
[Result "0-1"]
[WhiteElo "2178"]
[BlackElo "2141"]
[PlyCount "117"]
[EventDate "2009.10.17"]
[EventType "team"]
[EventRounds "11"]
[EventCountry "SVK"]
[SourceTitle "EXT 2011"]
[Source "ChessBase"]
[SourceDate "2010.11.26"]
[SourceVersion "1"]
[SourceVersionDate "2010.11.26"]
[SourceQuality "1"]
[WhiteTeam "Sabinov"]
[BlackTeam "Svit"]
[WhiteTeamCountry "SVK"]
[BlackTeamCountry "SVK"]

1. e4 e5 2. Nf3 Nc6 3. d4 exd4 4. Bc4 Qf6 5. c3 d6 6. cxd4 Bg4 7. Be3 Bxf3 8. gxf3 Nge7 9. Nc3 a6 10. f4 Nd8 11. Qd2 c6 12. 0-0-0 b5 13. Bb3 Qh4 14. d5 Rc8 15. dxc6 Nexc6 16. e5 Nb7 17. Kb1 Qh3 18. Qd5 Qf5+ 19. Bc2 Qe6 20. Qxe6+ fxe6 21. exd6 Nxd6 22. Ne4 Nc4 23. Ng5 Nxe3 24. fxe3 Nd8 25. Bxh7 Bc5 26. Bg6+ Ke7 27. Rc1 Rh6 28. Bd3 Rc7 29. Rc2 Bb6 30. Rxc7+ Bxc7 31. Nf3 Rh3 32. Be4 Nf7 33. Rg1 Kf8 34. Nd4 Nd8 35. Nf3 Bb6 36. Re1 Nf7 37. Kc2 Nd6 38. Bc6 Nc4 39. Kd3 Nxb2+ 40. Ke4 Nc4 41. Ng5 Rh6 42. Kd3 Ke7 43. Bb7 Rxh2 44. Bxa6 Rd2+ 45. Ke4 Nd6+ 46. Kf3 Rxa2 47. Bxb5 Nxb5 48. Rb1 Ra5 49. Ne4 Ba7 50. Rg1 Ra3 51. Rxg7+ Kf8 52. Rb7 Rxe3+ 53. Kg4 Rxe4 54. Rxb5 Ra4 55. Kg5 Ke7 56. f5 Be3+ 57. Kh5 Kf6 58. fxe6 Bf2 59. Rb4 0-1

[Event "SVK-chT1E 0910"]
[Site "Slovakia"]
[Date "2009.11.15"]
[Round "4.3"]
[White "Kriz, Mario"]
[Black "Szamos, Alexander"]
[Result "1-0"]
[WhiteElo "2178"]
[BlackElo "2232"]
[PlyCount "57"]
[EventDate "2009.10.17"]
[EventType "team"]
[EventRounds "11"]
[EventCountry "SVK"]
[SourceTitle "EXT 2011"]
[Source "ChessBase"]
[SourceDate "2010.11.26"]
[SourceVersion "1"]
[SourceVersionDate "2010.11.26"]
[SourceQuality "1"]
[WhiteTeam "Sabinov"]
[BlackTeam "Filakovo"]
[WhiteTeamCountry "SVK"]
[BlackTeamCountry "SVK"]

1. e4 c6 2. Nc3 d5 3. Nf3 Bg4 4. h3 Bxf3 5. Qxf3 e6 6. d4 Nf6 7. Bg5 Be7 8. exd5 cxd5 9. Bb5+ Nc6 10. 0-0 0-0 11. Ne2 Qb6 12. Bxc6 bxc6 13. Qb3 Qc7 14. Qd3 Rab8 15. b3 c5 16. dxc5 Qxc5 17. Be3 Qa5 18. Bd2 Qb6 19. c4 Rfd8 20. Be3 Bc5 21. Bxc5 Qxc5 22. Rfd1 h6 23. Rac1 dxc4 24. Qxd8+ Rxd8 25. Rxd8+ Kh7 26. Rxc4 Qa5 27. Rd1 Qxa2 28. Nc1 Nd5 29. Nxa2 1-0

[Event "Bratislava-ch"]
[Site "Bratislava"]
[Date "2003.04.05"]
[Round "4"]
[White "Kriz, Mario"]
[Black "Bartalsky, Branislav"]
[Result "0-1"]
[WhiteElo "1350"]
[BlackElo "1656"]
[PlyCount "56"]
[EventDate "2003.03.??"]
[EventType "swiss"]
[EventRounds "9"]
[EventCountry "SVK"]
[SourceTitle "EXT 2006"]
[Source "ChessBase"]
[SourceDate "2005.11.24"]
[SourceVersion "1"]
[SourceVersionDate "2005.11.24"]
[SourceQuality "1"]

1. e4 e5 2. Nf3 Nc6 3. b3 Nf6 4. Nc3 Bc5 5. h3 a6 6. Bb2 Ba7 7. Bc4 h6 8. 0-0 d6 9. Re1 0-0 10. Nd5 Nxd5 11. exd5 Ne7 12. d4 f6 13. Qd3 Bf5 14. Qd2 e4 15. Nh4 Bh7 16. Re2 b5 17. Bxb5 axb5 18. Rae1 Nxd5 19. c4 bxc4 20. bxc4 Ne7 21. f3 d5 22. Ba3 Bxd4+ 23. Kf1 Be5 24. Bxe7 Qxe7 25. cxd5 Bg3 26. Rc1 Bxh4 27. Rxe4 Bxe4 28. fxe4 Bg5 0-1

[Event "Presov op-A"]
[Site "Presov"]
[Date "2002.08.17"]
[Round "8"]
[White "Demeter, Peter"]
[Black "Kriz, Mario"]
[Result "0-1"]
[WhiteElo "2348"]
[BlackElo "2159"]
[PlyCount "80"]
[EventDate "2002.08.??"]
[EventType "swiss"]
[EventRounds "9"]
[EventCountry "SVK"]
[SourceTitle "EXT 2005"]
[Source "ChessBase"]
[SourceDate "2004.11.15"]
[SourceVersion "1"]
[SourceVersionDate "2004.11.15"]
[SourceQuality "1"]

1. c4 Nf6 2. Nf3 c6 3. g3 d5 4. b3 g6 5. Bg2 Bg7 6. Bb2 0-0 7. 0-0 Nbd7 8. cxd5 cxd5 9. d3 Re8 10. Nc3 a6 11. e4 dxe4 12. dxe4 Nxe4 13. Nxe4 Bxb2 14. Rb1 Bg7 15. Rc1 Nb6 16. Qe2 Nd5 17. Rfd1 e6 18. h4 b6 19. h5 Bb7 20. hxg6 hxg6 21. Qd2 Qe7 22. Qe1 Rac8 23. Rc4 b5 24. Rxc8 Rxc8 25. Rc1 Qb4 26. Rxc8+ Bxc8 27. Qc1 Nc3 28. Nxc3 Qxc3 29. Qf4 Bf6 30. Nh2 Qa1+ 31. Nf1 Qe5 32. Qc1 Qc3 33. Qf4 Be5 34. Qe4 Kg7 35. Ne3 Bd4 36. Kh2 e5 37. Nd5 Qd2 38. Ne7 Be6 39. Nc6 Qxf2 40. Nxd4 Qxd4 0-1